Let us C++ solutions (Record no. 10834)

000 -LEADER
fixed length control field 00446 a2200169 4500
020 ## - INTERNATIONAL STANDARD BOOK NUMBER
International Standard Book Number 9788183333573
082 ## - DEWEY DECIMAL CLASSIFICATION NUMBER
Classification number 005.133
090 ## - LOCALLY ASSIGNED LC-TYPE CALL NUMBER (OCLC); LOCAL CALL NUMBER (RLIN)
-- 7025
-- 7025
100 ## - MAIN ENTRY--PERSONAL NAME
Personal name Kanetkar, Yashavant P.
245 ## - TITLE STATEMENT
Title Let us C++ solutions
Statement of responsibility, etc. Yashavant P. Kanetkar
250 ## - EDITION STATEMENT
Edition statement 2nd ed.
260 ## - PUBLICATION, DISTRIBUTION, ETC.
Place of publication, distribution, etc. New Delhi
Name of publisher, distributor, etc. BPB Publication
Date of publication, distribution, etc. 2010
300 ## - PHYSICAL DESCRIPTION
Extent 221 p.
650 ## - SUBJECT ADDED ENTRY--TOPICAL TERM
Topical term or geographic name entry element C++--Computer program language
700 ## - ADDED ENTRY--PERSONAL NAME
Personal name Yashavant P. Kanetkar
942 ## - ADDED ENTRY ELEMENTS (KOHA)
Koha item type Book
Call number prefix 005.133 KAN
Holdings
Withdrawn status Lost status Damaged status Not for loan Collection code Permanent Location Current Location Shelving location Date acquired Source of acquisition Cost, normal purchase price Total Checkouts Total Renewals Full call number Barcode Date last seen Date last checked out Price effective from Koha item type
          Central Library (CL) Central Library (CL) First Floor - Software Engineering/ Programming Language 04/13/2012 Allied Book Company 522.72 4 2 005.133 KAN SEECS011174 11/30/2022 05/12/2016 01/05/2017 Book
          Central Library (CL) Central Library (CL) First Floor - Software Engineering/ Programming Language 04/13/2012 Allied Book Company 522.72 8 2 005.133 KAN SEECS011175 09/06/2019 02/02/2016 01/05/2017 Book
          Central Library (CL) Central Library (CL) First Floor - Software Engineering/ Programming Language 04/13/2012 Allied Book Company 522.72 8 3 005.133 KAN SEECS011176 09/30/2025 09/26/2025 01/05/2017 Book
© 2023 Central Library, National University of Sciences and Technology. All Rights Reserved.